<?xml version="1.0" encoding="UTF-8"?>
<record
    xmlns:xsi="http://www.w3.org/2001/XMLSchema-instance"
    xsi:schemaLocation="http://www.loc.gov/MARC21/slim http://www.loc.gov/standards/marcxml/schema/MARC21slim.xsd"
    xmlns="http://www.loc.gov/MARC21/slim">

  <leader>00685nam a22002057a 4500</leader>
  <controlfield tag="005">20260406162708.0</controlfield>
  <controlfield tag="008">260406b        |||||||| |||| 00| 0 eng d</controlfield>
  <datafield tag="020" ind1=" " ind2=" ">
    <subfield code="a">9788198505521</subfield>
  </datafield>
  <datafield tag="040" ind1=" " ind2=" ">
    <subfield code="c">SGVU</subfield>
    <subfield code="d">SGVU</subfield>
  </datafield>
  <datafield tag="082" ind1=" " ind2=" ">
    <subfield code="2">22</subfield>
    <subfield code="a">632.95</subfield>
    <subfield code="b">KUS A</subfield>
  </datafield>
  <datafield tag="100" ind1=" " ind2=" ">
    <subfield code="a">Kuriyal Suniti Kumar And Bharti Chauhan</subfield>
    <subfield code="9">40016</subfield>
  </datafield>
  <datafield tag="245" ind1=" " ind2=" ">
    <subfield code="a">Analytical Techniques in Plant Science</subfield>
    <subfield code="h">English</subfield>
  </datafield>
  <datafield tag="250" ind1=" " ind2=" ">
    <subfield code="a">1</subfield>
  </datafield>
  <datafield tag="260" ind1=" " ind2=" ">
    <subfield code="a">Ambala Haryana</subfield>
    <subfield code="b">A K International Publication </subfield>
    <subfield code="c">2025</subfield>
  </datafield>
  <datafield tag="300" ind1=" " ind2=" ">
    <subfield code="a">160p</subfield>
    <subfield code="b">Paperback</subfield>
  </datafield>
  <datafield tag="650" ind1=" " ind2=" ">
    <subfield code="a">Analytical Techniques in Plant Science</subfield>
    <subfield code="z">India</subfield>
    <subfield code="9">40017</subfield>
  </datafield>
  <datafield tag="700" ind1=" " ind2=" ">
    <subfield code="a">Shukla Deepti and Keshav Shukla</subfield>
    <subfield code="9">40018</subfield>
  </datafield>
  <datafield tag="710" ind1=" " ind2=" ">
    <subfield code="a">Pandey Adarsh</subfield>
    <subfield code="9">40019</subfield>
  </datafield>
  <datafield tag="942" ind1=" " ind2=" ">
    <subfield code="2">ddc</subfield>
    <subfield code="c">BOOKS</subfield>
    <subfield code="e">1</subfield>
    <subfield code="h">2</subfield>
    <subfield code="k">632.95 KUS A</subfield>
  </datafield>
  <datafield tag="999" ind1=" " ind2=" ">
    <subfield code="c">90149</subfield>
    <subfield code="d">90149</subfield>
  </datafield>
  <datafield tag="952" ind1=" " ind2=" ">
    <subfield code="0">0</subfield>
    <subfield code="1">0</subfield>
    <subfield code="2">ddc</subfield>
    <subfield code="4">0</subfield>
    <subfield code="7">0</subfield>
    <subfield code="a">SGVU</subfield>
    <subfield code="b">SGVU</subfield>
    <subfield code="d">2026-04-06</subfield>
    <subfield code="e">CBS Publisher &amp; Distributors</subfield>
    <subfield code="g">995.00</subfield>
    <subfield code="l">0</subfield>
    <subfield code="o">632.95 KUS A</subfield>
    <subfield code="p">G4724</subfield>
    <subfield code="r">2026-04-06 16:28:05</subfield>
    <subfield code="v">995.00</subfield>
    <subfield code="w">2026-04-06</subfield>
    <subfield code="y">BOOKS</subfield>
  </datafield>
</record>
